书目信息 |
| 题名: |
第三代移动通信网络系统技术与应用基础教程
|
|
| 作者: | 廖晓滨 , 赵熙 编著 | |
| 分册: | ||
| 出版信息: | 北京 电子工业出版社 2006.04 |
|
| 页数: | 325页 | |
| 开本: | 26cm | |
| 丛书名: | ||
| 单 册: | ||
| 中图分类: | TN929.5 | |
| 科图分类: | TN929.5 | |
| 主题词: | 移动通信-通信系统-教材 | |
| 电子资源: | ||
| ISBN: | 7-121-02363-6 | |
| 000 | 00720nam0 2200217 450 | |
| 001 | 0637742428 | |
| 005 | 20061011093403.21 | |
| 010 | @a7-121-02363-6@dCNY 36.00 | |
| 100 | @a20060824d2006 km y0chiy0120 ea | |
| 101 | 0 | @achi |
| 102 | @aCN@b110000 | |
| 200 | 1 | @a第三代移动通信网络系统技术与应用基础教程@Adi san dai yi dong tong xin wang luo xi tong ji shu yu ying yong ji chu jiao cheng@f廖晓滨,赵熙编著@Fliao xiao bin,zhao xi bian zhu |
| 210 | @a北京@c电子工业出版社@d2006.04 | |
| 215 | @a325页@d26cm | |
| 606 | 0 | @a移动通信-通信系统-教材 |
| 690 | @aTN929.5@v4 | |
| 692 | @aTN929.5 | |
| 701 | 0 | @a廖晓滨@Aliao xiao bin@4编著 |
| 701 | 0 | @a赵熙@Azhao xi@4编著 |
| 801 | 0 | @aCN@c20061011 |
| 905 | @a10447@dTN929.5@eL472 | |
| 第三代移动通信网络系统技术与应用基础教程/廖晓滨,赵熙编著.-北京:电子工业出版社,2006.04 |
| 325页;26cm |
| ISBN 7-121-02363-6:CNY 36.00 |
| ● |
| 相关链接 |
|
|
|
正题名:第三代移动通信网络系统技术与应用基础教程
索取号:TN929.5/L472
 
预约/预借
| 序号 | 登录号 | 条形码 | 馆藏地/架位号 | 状态 | 备注 |
| 1 | 609182 | 206091824 | 自科库301/301自科库 99排2列2层/ [索取号:TN929.5/L472] | 在馆 | |
| 2 | 609183 | 206091833 | 期刊室512/301自科库 31排1列3层/ [索取号:TN929.5/L472] | 在馆 | |
| 3 | 609184 | 206091842 | 自科库301/301自科库 99排2列2层/ [索取号:TN929.5/L472] | 在馆 |